000 01242nam a2200289 a 4500
003 BLK
005 20250702134641.0
008 180411b bul|||||r ||||||| ||bul||
020 _a9789542843030
_q978-954-28-4303-0
040 _aBLK
041 _aBUL
_cBUL
080 _aАмериканска литература (на САЩ)
_b821.111(73)
_x-312.9
_z821.111(73)-312.9
100 1 _aАйвярд, Виктория
_eпърви автор
_929736
139 _aАйвярд, Виктория
_bА 37
245 1 0 _aУнищожителят на меча
_cВиктория Айвярд; прев. от англ. Деница Райкова.
257 _aUSA
260 _aСофия
_bСиела Норма
_c2023
_fСофия : Алианс Принт
300 _a632 с.
_c20 см
380 _aX
490 _9487957
_aРушител на селения
_vКн. 2
500 _aОриг. загл.: Blade Breaker / Victoria Aveyard
700 _aРайкова, Деница Иванова
_d1977 -
_gпреводач от англ. език, автор на кратка проза
_eпрев. от англ.
_9262557
856 4 _qpdf
856 4 _qpdf
942 _cKNG
_n0
_050
_s1
999 _c491936
_d491936
944 _k30530
_lМинев Младен